Review of Defect Types in Metal Mold Castings; Key Engineering Materials; Vol. 769 : High Technology: Research and Applications (HTRA 2017)
| Parent link: | Key Engineering Materials: Scientific Journal Vol. 769 : High Technology: Research and Applications (HTRA 2017).— 2018.— [269-274] |
|---|---|
| 第一著者: | |
| 団体著者: | |
| その他の著者: | |
| 要約: | Title screen The article reviews various defect types in metal billets. They are classified into production, technological and operational ones. Definitions to more than 40 types of defects were given. Режим доступа: по договору с организацией-держателем ресурса |
| 言語: | 英語 |
| 出版事項: |
2018
|
| 主題: | |
| オンライン・アクセス: | https://doi.org/10.4028/www.scientific.net/KEM.769.269 |
| フォーマット: | 電子媒体 図書の章 |
| KOHA link: | https://koha.lib.tpu.ru/cgi-bin/koha/opac-detail.pl?biblionumber=658650 |
MARC
| LEADER | 00000nla2a2200000 4500 | ||
|---|---|---|---|
| 001 | 658650 | ||
| 005 | 20241016145559.0 | ||
| 035 | |a (RuTPU)RU\TPU\network\26607 | ||
| 035 | |a RU\TPU\network\26602 | ||
| 090 | |a 658650 | ||
| 100 | |a 20181029a2018 k y0engy50 ba | ||
| 101 | 0 | |a eng | |
| 105 | |a y z 100zy | ||
| 135 | |a drcn ---uucaa | ||
| 181 | 0 | |a i | |
| 182 | 0 | |a b | |
| 200 | 1 | |a Review of Defect Types in Metal Mold Castings |f I. O. Bolotina, V. A. Portenko | |
| 203 | |a Text |c electronic | ||
| 300 | |a Title screen | ||
| 330 | |a The article reviews various defect types in metal billets. They are classified into production, technological and operational ones. Definitions to more than 40 types of defects were given. | ||
| 333 | |a Режим доступа: по договору с организацией-держателем ресурса | ||
| 461 | 0 | |0 (RuTPU)RU\TPU\network\11477 |t Key Engineering Materials |o Scientific Journal | |
| 463 | 0 | |0 (RuTPU)RU\TPU\network\26539 |t Vol. 769 : High Technology: Research and Applications (HTRA 2017) |o The VI International Science and Engineering Conference, November 27-29, 2017, Tomsk, Russia |o [proceedings] |f National Research Tomsk Polytechnic University (TPU) ; eds. G. E. Osokin ; E. A. Kulinich |v [269-274] |d 2018 | |
| 610 | 1 | |a электронный ресурс | |
| 610 | 1 | |a труды учёных ТПУ | |
| 610 | 1 | |a Billets | |
| 610 | 1 | |a Defects in Metals | |
| 610 | 1 | |a Metal Mold Casting | |
| 610 | 1 | |a Non-Destructive Testing (NDT) | |
| 610 | 1 | |a заготовки | |
| 610 | 1 | |a металлы | |
| 610 | 1 | |a дефекты | |
| 610 | 1 | |a литье | |
| 610 | 1 | |a неразрушающий контроль | |
| 700 | 1 | |a Bolotina |b I. O. |c specialist in the field of industrial and medical electronics |c Associate Professor of Tomsk Polytechnic University, Candidate of chemical sciences |f 1974- |g Irina Olegovna |3 (RuTPU)RU\TPU\pers\34516 |9 17897 | |
| 701 | 1 | |a Portenko |b V. A. |c specialist in the field of economics |c assistant of Tomsk Polytechnic University |f 1998- |g Victoria Aleksandrovna |y Tomsk |7 ba |9 88589 | |
| 712 | 0 | 2 | |a Национальный исследовательский Томский политехнический университет |b Инженерная школа неразрушающего контроля и безопасности |b Отделение электронной инженерии |3 (RuTPU)RU\TPU\col\23507 |
| 801 | 2 | |a RU |b 63413507 |c 20181029 |g RCR | |
| 856 | 4 | |u https://doi.org/10.4028/www.scientific.net/KEM.769.269 | |
| 942 | |c CF | ||